[Event "V4 OPEN - International Championship of Slovakia 2
[Site "Banska Stiavnica"]
[Date "2013.07.07"]
[Round "2"]
[Board "28"]
[White "Jarmula, Lukasz"]
[Black "Popelka, Oldrich"]
[Result "1-0"]
[WhiteElo "2261"]
[BlackElo "2094"]
[PlyCount "0"]
[EventDate "2013.07.06"]
[EventRounds "9"]
[EventCountry "SVK"]

1. d4 {[%clk 1:30:58]} Nf6 {[%clk 1:30:52]} 2. c4 {[%clk 1:31:22]} d6
{[%clk 1:31:13]} 3. Nf3 {[%clk 1:31:38]} g6 {[%clk 1:31:36]} 4. Nc3
{[%clk 1:32:03]} Bg7 {[%clk 1:32:01]} 5. e4 {[%clk 1:32:26]} O-O {[%clk 1:32:19]}
6. Be2 {[%clk 1:32:50]} Bg4 {[%clk 1:32:42]} 7. Bg5 {[%clk 1:31:50]} Nc6
{[%clk 1:23:47]} 8. d5 {[%clk 1:27:08]} Bxf3 {[%clk 1:23:01]} 9. Bxf3
{[%clk 1:27:17]} Ne5 {[%clk 1:22:48]} 10. Be2 {[%clk 1:27:35]} c6
{[%clk 1:23:00]} 11. O-O {[%clk 1:26:49]} cxd5 {[%clk 1:21:59]} 12. cxd5
{[%clk 1:26:56]} Rc8 {[%clk 1:20:59]} 13. Qb3 {[%clk 1:22:16]} Ned7
{[%clk 0:56:15]} 14. Be3 {[%clk 1:19:38]} Qa5 {[%clk 0:49:56]} 15. f3
{[%clk 1:11:32]} Nc5 {[%clk 0:42:30]} 16. Qd1 {[%clk 1:08:37]} a6
{[%clk 0:42:34]} 17. a3 {[%clk 1:05:31]} Qd8 {[%clk 0:42:50]} 18. Rc1
{[%clk 1:04:15]} h6 {[%clk 0:36:36]} 19. b4 {[%clk 0:58:32]} Ncd7
{[%clk 0:37:02]} 20. Qb3 {[%clk 0:58:53]} Kh7 {[%clk 0:27:12]} 21. a4
{[%clk 0:56:13]} h5 {[%clk 0:26:46]} 22. a5 {[%clk 0:53:21]} Bh6 {[%clk 0:26:42]}
23. f4 {[%clk 0:48:52]} Ng4 {[%clk 0:24:40]} 24. Bxg4 {[%clk 0:43:51]} hxg4
{[%clk 0:25:08]} 25. Na4 {[%clk 0:44:06]} Nf6 {[%clk 0:19:22]} 26. Nb6
{[%clk 0:40:55]} Rxc1 {[%clk 0:18:50]} 27. Rxc1 {[%clk 0:41:17]} Qe8
{[%clk 0:12:11]} 28. Qd3 {[%clk 0:37:09]} e5 {[%clk 0:10:34]} 29. f5
{[%clk 0:33:25]} Bxe3+ {[%clk 0:10:18]} 30. Qxe3 {[%clk 0:33:48]} Qb5
{[%clk 0:10:17]} 31. fxg6+ {[%clk 0:25:19]} Kxg6 {[%clk 0:10:31]} 32. h4
{[%clk 0:25:32]} gxh3 {[%clk 0:08:02]} 33. Qg3+ {[%clk 0:25:24]} Kh6
{[%clk 0:07:04]} 34. Qxh3+ {[%clk 0:23:32]} Nh5 {[%clk 0:04:47]} 35. g4
{[%clk 0:20:16]} Rg8 {[%clk 0:05:13]} 36. Qxh5+ {[%clk 0:20:31]} Kg7
{[%clk 0:05:33]} 37. Rc7 {[%clk 0:19:24]} 1-0

[Event "V4 OPEN - International Championship of Slovakia 2
[Site "Banska Stiavnica"]
[Date "2013.07.07"]
[Round "2"]
[Board "29"]
[White "Zvarik, Martin"]
[Black "Giertli, Vladimir"]
[Result "1-0"]
[WhiteElo "2235"]
[BlackElo "2093"]
[PlyCount "0"]
[EventDate "2013.07.06"]
[EventRounds "9"]
[EventCountry "SVK"]

1. e4 {[%clk 1:30:57]} c5 {[%clk 1:24:46]} 2. Nf3 {[%clk 1:29:28]} d6
{[%clk 1:25:09]} 3. Be2 {[%clk 1:29:45]} Nc6 {[%clk 1:25:04]} 4. O-O
{[%clk 1:30:08]} Nf6 {[%clk 1:25:11]} 5. d3 {[%clk 1:30:08]} e6 {[%clk 1:25:28]}
6. c3 {[%clk 1:29:29]} Be7 {[%clk 1:25:50]} 7. Nbd2 {[%clk 1:29:37]} O-O
{[%clk 1:26:06]} 8. Re1 {[%clk 1:28:27]} Qc7 {[%clk 1:25:17]} 9. a3
{[%clk 1:09:08]} b5 {[%clk 1:19:03]} 10. b4 {[%clk 1:09:02]} cxb4
{[%clk 1:16:01]} 11. axb4 {[%clk 1:08:32]} Bd7 {[%clk 1:14:45]} 12. d4
{[%clk 1:05:29]} Rfb8 {[%clk 1:12:26]} 13. Bd3 {[%clk 0:57:54]} a5
{[%clk 1:09:27]} 14. bxa5 {[%clk 0:51:56]} Rxa5 {[%clk 1:08:49]} 15. Rb1
{[%clk 0:52:05]} b4 {[%clk 1:03:36]} 16. c4 {[%clk 0:51:46]} Qa7 {[%clk 1:00:57]}
17. Bb2 {[%clk 0:46:12]} e5 {[%clk 0:54:48]} 18. Nb3 {[%clk 0:45:37]} Ra2
{[%clk 0:54:42]} 19. d5 {[%clk 0:44:55]} Nd8 {[%clk 0:52:50]} 20. c5
{[%clk 0:45:20]} dxc5 {[%clk 0:49:56]} 21. Nxe5 {[%clk 0:35:34]} Qc7
{[%clk 0:35:57]} 22. Nxd7 {[%clk 0:23:13]} Nxd7 {[%clk 0:30:54]} 23. e5
{[%clk 0:22:40]} Qb6 {[%clk 0:22:48]} 24. Qg4 {[%clk 0:20:21]} Ra7
{[%clk 0:17:20]} 25. Bf5 {[%clk 0:20:10]} c4 {[%clk 0:14:12]} 26. Bd4
{[%clk 0:20:34]} Nc5 {[%clk 0:13:10]} 27. d6 {[%clk 0:20:49]} cxb3
{[%clk 0:13:27]} 28. e6 {[%clk 0:18:30]} f6 {[%clk 0:09:22]} 29. Qh5
{[%clk 0:17:19]} g6 {[%clk 0:06:25]} 30. Bxg6 {[%clk 0:17:44]} hxg6
{[%clk 0:06:50]} 31. Qxg6+ {[%clk 0:18:11]} Kf8 {[%clk 0:06:42]} 32. dxe7+
{[%clk 0:18:18]} Rxe7 {[%clk 0:06:46]} 33. Qxf6+ {[%clk 0:18:44]} Nf7
{[%clk 0:04:56]} 34. Qg7+ {[%clk 0:19:00]} 1-0

[Event "V4 OPEN - International Championship of Slovakia 2
[Site "Banska Stiavnica"]
[Date "2013.07.07"]
[Round "2"]
[Board "30"]
[White "Koval, Maros"]
[Black "Kleman, Miroslav"]
[Result "0-1"]
[WhiteElo "2084"]
[BlackElo "2207"]
[PlyCount "0"]
[EventDate "2013.07.06"]
[EventRounds "9"]
[EventCountry "SVK"]

1. d4 {[%clk 1:28:28]} d6 {[%clk 1:29:56]} 2. Nf3 Nf6 {[%clk 1:30:03]} 3. c4
{[%clk 1:28:35]} Nbd7 4. Nc3 {[%clk 1:28:49]} e5 {[%clk 1:30:47]} 5. e4
{[%clk 1:29:07]} c6 {[%clk 1:30:56]} 6. Be2 {[%clk 1:28:24]} a6 {[%clk 1:30:28]}
7. Be3 {[%clk 1:28:22]} b5 {[%clk 1:29:07]} 8. a3 {[%clk 1:27:07]} Be7
{[%clk 1:24:38]} 9. O-O {[%clk 1:09:41]} O-O {[%clk 1:18:22]} 10. d5
{[%clk 1:09:45]} cxd5 {[%clk 1:16:40]} 11. Nxd5 {[%clk 1:08:49]} Nxd5
{[%clk 1:16:08]} 12. Qxd5 {[%clk 1:02:04]} Rb8 {[%clk 1:16:32]} 13. cxb5
{[%clk 1:01:27]} Bb7 {[%clk 1:14:43]} 14. Qd3 {[%clk 1:01:51]} axb5
{[%clk 1:14:25]} 15. Nd2 {[%clk 1:01:10]} Nc5 {[%clk 1:10:18]} 16. Bxc5
{[%clk 0:54:04]} dxc5 {[%clk 1:10:36]} 17. Qc2 {[%clk 0:50:13]} Ba8
{[%clk 0:37:45]} 18. Rfd1 {[%clk 0:43:30]} Qc7 {[%clk 0:36:37]} 19. Nf1
{[%clk 0:42:01]} Bg5 {[%clk 0:29:05]} 20. a4 {[%clk 0:34:09]} bxa4
{[%clk 0:24:14]} 21. Rxa4 {[%clk 0:34:03]} Qb6 {[%clk 0:17:00]} 22. Rb1
{[%clk 0:33:36]} Bc6 {[%clk 0:15:58]} 23. Rc4 {[%clk 0:25:54]} Rfd8
{[%clk 0:11:16]} 24. b4 {[%clk 0:22:46]} Rd4 {[%clk 0:10:14]} 25. Rxd4
{[%clk 0:20:29]} exd4 {[%clk 0:09:42]} 26. b5 {[%clk 0:17:10]} Bb7
{[%clk 0:09:33]} 27. Bc4 {[%clk 0:15:40]} Re8 {[%clk 0:08:31]} 28. f3 Ra8
{[%clk 0:08:30]} 29. Qb3 {[%clk 0:09:46]} Rf8 {[%clk 0:08:06]} 30. g3
{[%clk 0:08:26]} h5 {[%clk 0:08:05]} 31. f4 {[%clk 0:08:11]} Bd8 {[%clk 0:07:29]}
32. Re1 {[%clk 0:08:19]} Qg6 {[%clk 0:05:23]} 33. Bd3 {[%clk 0:07:39]} Bc8
{[%clk 0:03:24]} 34. Nd2 {[%clk 0:06:47]} Ba5 {[%clk 0:03:16]} 35. Re2
{[%clk 0:07:15]} Bxd2 {[%clk 0:03:24]} 36. Rxd2 {[%clk 0:07:44]} h4
{[%clk 0:03:42]} 37. Kg2 {[%clk 0:04:45]} Be6 {[%clk 0:02:49]} 38. Qc2
{[%clk 0:04:53]} c4 {[%clk 0:02:24]} 39. f5 {[%clk 0:02:53]} h3+ {[%clk 0:01:54]}
40. Kxh3 {[%clk 0:00:32]} cxd3 {[%clk 0:01:15]} 41. Qxd3 {[%clk 0:00:49]} Bc8
{[%clk 0:15:22]} 42. Qxd4 {[%clk 0:28:05]} Qh5+ {[%clk 0:09:23]} 43. Kg2
{[%clk 0:21:45]} Bb7 {[%clk 0:09:37]} 44. Qe5 {[%clk 0:12:11]} Qg4
{[%clk 0:08:16]} 45. Rd4 {[%clk 0:06:56]} Ra8 {[%clk 0:08:15]} 46. Qf4
{[%clk 0:07:25]} Ra2+ {[%clk 0:04:07]} 47. Kg1 {[%clk 0:07:12]} Ra1+
{[%clk 0:03:24]} 48. Kf2 {[%clk 0:05:47]} Ra2+ {[%clk 0:03:37]} 49. Kg1
{[%clk 0:06:16]} Qh3 {[%clk 0:02:46]} 50. Rd8+ {[%clk 0:04:54]} Kh7
{[%clk 0:03:15]} 51. Qh4+ {[%clk 0:05:17]} Qxh4 {[%clk 0:03:44]} 52. gxh4
{[%clk 0:05:37]} Bxe4 {[%clk 0:04:13]} 53. f6 {[%clk 0:04:27]} gxf6
{[%clk 0:04:29]} 54. b6 {[%clk 0:03:55]} Rb2 {[%clk 0:04:20]} 55. Rd6
{[%clk 0:01:49]} Kg7 {[%clk 0:04:36]} 56. h3 {[%clk 0:02:18]} Rg2+
{[%clk 0:03:05]} 57. Kf1 {[%clk 0:02:44]} Rh2 {[%clk 0:03:07]} 58. Rd4
{[%clk 0:02:54]} f5 {[%clk 0:03:12]} 59. Rb4 {[%clk 0:00:31]} Bb7
{[%clk 0:03:41]} 60. Rb3 {[%clk 0:00:31]} f4 {[%clk 0:02:54]} 61. Kg1
{[%clk 0:00:31]} Rd2 {[%clk 0:03:02]} 62. Rb4 {[%clk 0:00:31]} f3
{[%clk 0:02:55]} 63. Rg4+ {[%clk 0:00:42]} Kf6 {[%clk 0:02:02]} 64. Rf4+
{[%clk 0:01:07]} Ke6 {[%clk 0:02:04]} 65. h5 {[%clk 0:01:33]} f5 {[%clk 0:02:19]}
66. h6 {[%clk 0:02:00]} Ke5 {[%clk 0:02:24]} 67. Ra4 {[%clk 0:01:00]} Kf6
{[%clk 0:00:56]} 68. h7 {[%clk 0:01:13]} Kg7 {[%clk 0:01:18]} 69. Ra7
{[%clk 0:01:43]} Rd7 0-1

[Event "V4 OPEN - International Championship of Slovakia 2
[Site "Banska Stiavnica"]
[Date "2013.07.07"]
[Round "2"]
[Board "31"]
[White "Skara, Vladimir"]
[Black "Danada, Tomas"]
[Result "1/2-1/2"]
[WhiteElo "2205"]
[BlackElo "2085"]
[PlyCount "0"]
[EventDate "2013.07.06"]
[EventRounds "9"]
[EventCountry "SVK"]

1. d4 {[%clk 1:30:35]} Nf6 {[%clk 1:29:08]} 2. Nf3 {[%clk 1:31:00]} g6
{[%clk 1:28:08]} 3. g3 {[%clk 1:31:27]} b5 {[%clk 1:28:34]} 4. Bg2
{[%clk 1:31:53]} Bb7 {[%clk 1:29:00]} 5. O-O {[%clk 1:32:15]} Bg7
{[%clk 1:29:22]} 6. a4 {[%clk 1:32:23]} b4 {[%clk 1:29:46]} 7. c3
{[%clk 1:32:41]} bxc3 {[%clk 1:30:05]} 8. bxc3 {[%clk 1:32:51]} Na6
{[%clk 1:29:51]} 9. Ba3 {[%clk 1:25:06]} d6 {[%clk 1:27:27]} 10. Qb3
{[%clk 1:06:07]} Rb8 {[%clk 1:25:26]} 11. Ng5 {[%clk 1:05:36]} Bd5
{[%clk 1:15:18]} 12. Bxd5 {[%clk 1:05:09]} Rxb3 {[%clk 1:04:54]} 13. Bxf7+
{[%clk 1:05:32]} Kd7 {[%clk 1:05:15]} 14. Be6+ {[%clk 1:05:55]} Kc6
{[%clk 1:05:07]} 15. Bxb3 {[%clk 1:06:14]} Qa8 {[%clk 1:01:41]} 16. Bc4
{[%clk 1:03:26]} Nb8 {[%clk 1:01:25]} 17. Ra2 {[%clk 0:53:42]} a6
{[%clk 0:58:39]} 18. Nf7 {[%clk 0:50:47]} Rf8 {[%clk 0:57:41]} 19. Be6
{[%clk 0:49:20]} Nbd7 {[%clk 0:53:46]} 20. Nd2 {[%clk 0:39:01]} Kb7
{[%clk 0:51:00]} 21. e4 {[%clk 0:37:56]} Ka7 {[%clk 0:50:48]} 22. Re1
{[%clk 0:35:50]} h5 {[%clk 0:42:04]} 23. h4 {[%clk 0:32:12]} Qe8 {[%clk 0:33:53]}
24. Ng5 {[%clk 0:31:27]} Bh6 {[%clk 0:31:57]} 25. Rb2 {[%clk 0:29:04]} Bxg5
{[%clk 0:30:25]} 26. hxg5 {[%clk 0:29:19]} Nh7 {[%clk 0:30:50]} 27. Bd5
{[%clk 0:29:37]} Nb6 {[%clk 0:30:36]} 28. a5 {[%clk 0:18:22]} Nxd5
{[%clk 0:28:55]} 29. exd5 {[%clk 0:18:30]} Nxg5 {[%clk 0:28:02]} 30. f4
{[%clk 0:16:01]} Nh3+ {[%clk 0:25:34]} 31. Kg2 {[%clk 0:15:57]} Qd7
{[%clk 0:26:00]} 32. Re6 {[%clk 0:15:42]} Rf6 {[%clk 0:21:04]} 33. Kxh3
{[%clk 0:02:40]} Rxe6 {[%clk 0:21:25]} 34. dxe6 {[%clk 0:03:07]} Qxe6+
{[%clk 0:21:51]} 35. Kg2 {[%clk 0:03:29]} Qe2+ {[%clk 0:22:13]} 36. Kh3
{[%clk 0:03:57]} Qg4+ {[%clk 0:21:14]} 37. Kg2 {[%clk 0:04:23]} Qe2+
{[%clk 0:20:53]} 1/2-1/2

[Event "V4 OPEN - International Championship of Slovakia 2
[Site "Banska Stiavnica"]
[Date "2013.07.07"]
[Round "2"]
[Board "32"]
[White "Kotlowski, Tomasz"]
[Black "Sosovicka, Juraj"]
[Result "1/2-1/2"]
[WhiteElo "2063"]
[BlackElo "2201"]
[PlyCount "69"]
[EventDate "2013.07.06"]
[EventRounds "9"]
[EventCountry "SVK"]

1. c4 Nf6 2. Nc3 g6 3. g3 Bg7 4. Bg2 O-O 5. d4 d6 6. e4 Nbd7 7. Nge2 e5 8. O-O
Re8 9. h3 c6 10. Be3 exd4 11. Bxd4 Qe7 12. Rc1 Nc5 13. f3 a5 14. Na4 Nxa4 15.
Qxa4 Nd7 16. Bxg7 Kxg7 17. Rfd1 Nc5 18. Qa3 Be6 19. f4 f5 20. Qe3 Rad8 21. Qc3+
Kg8 22. exf5 Bxf5 23. Nd4 Qe3+ 24. Kh2 Qxc3 25. Rxc3 Be4 26. Bf1 Re7 27. Ra3 a4
28. Rc3 Kg7 29. g4 Rf7 30. b4 axb3 31. axb3 Re8 32. Kg3 Ne6 33. Nxe6+ Rxe6 34.
Bd3 Bxd3 35. Rcxd3 1/2-1/2

[Event "V4 OPEN - International Championship of Slovakia 2
[Site "Banska Stiavnica"]
[Date "2013.07.07"]
[Round "2"]
[Board "34"]
[White "Gbyl, Andrzej"]
[Black "Haring, Viktor"]
[Result "1/2-1/2"]
[WhiteElo "2174"]
[BlackElo "2060"]
[PlyCount "96"]
[EventDate "2013.07.06"]
[EventRounds "9"]
[EventCountry "SVK"]

1. d4 d5 2. c4 c6 3. Nf3 Nf6 4. Nc3 e6 5. Bg5 Nbd7 6. cxd5 exd5 7. e3 Qa5 8.
Bd3 Ne4 9. Qc2 Nxg5 10. Nxg5 h6 11. Nf3 Nf6 12. O-O Bd6 13. h3 O-O 14. a3 Re8
15. b4 Qc7 16. Rfc1 Qe7 17. Qb3 Ne4 18. Re1 Qf6 19. Bxe4 dxe4 20. Nd2 Bc7 21.
Qc2 Bf5 22. Nd5 cxd5 23. Qxc7 b6 24. Qf4 Qg6 25. Kh1 Bd7 26. Rec1 Re6 27. Rc7
Rf6 28. Qh4 Bb5 29. Rac1 a5 30. Rc8+ Rxc8 31. Rxc8+ Kh7 32. bxa5 bxa5 33. Rc5
Bd3 34. Rxd5 a4 35. Re5 Re6 36. Qf4 Rf6 37. Qh4 Re6 38. Qg4 Rxe5 39. dxe5 Qc6
40. Qf5+ Kg8 41. Kh2 Qc2 42. e6 fxe6 43. Qxe6+ Kh8 44. f4 Qxd2 45. Qc8+ Kh7 46.
Qf5+ Kg8 47. Qc8+ Kf7 48. Qd7+ Kf8 1/2-1/2

[Event "V4 OPEN - International Championship of Slovakia 2
[Site "Banska Stiavnica"]
[Date "2013.07.07"]
[Round "2"]
[Board "35"]
[White "Edes, Zsofia"]
[Black "Banduka, Zeljko"]
[Result "1-0"]
[WhiteElo "2059"]
[BlackElo "2168"]
[PlyCount "71"]
[EventDate "2013.07.06"]
[EventRounds "9"]
[EventCountry "SVK"]

1. d4 Nf6 2. c4 g6 3. Nc3 Bg7 4. e4 d6 5. f4 c5 6. d5 O-O 7. Nf3 b5 8. cxb5 a6
9. a4 e6 10. e5 dxe5 11. dxe6 Qxd1+ 12. Kxd1 Bxe6 13. Nxe5 Bb3+ 14. Ke1 Re8 15.
Ra3 Be6 16. Kf2 Nbd7 17. Nxd7 Bxd7 18. bxa6 Bf8 19. Bc4 Be6 20. Bb5 Red8 21. h3
c4 22. Ra1 Bc5+ 23. Be3 Rd2+ 24. Kf3 Bxe3 25. Kxe3 Rad8 26. Ne2 R8d3+ 27. Kf2
Ne4+ 28. Kg1 Rxe2 29. a7 Bd5 30. Bxc4 Rxg2+ 31. Kxg2 Rg3+ 32. Kh2 Bb7 33. Ra3
Rg2+ 34. Kxg2 Nd6+ 35. Kh2 Nxc4 36. Rb3 1-0

[Event "V4 OPEN - International Championship of Slovakia 2
[Site "Banska Stiavnica"]
[Date "2013.07.07"]
[Round "2"]
[Board "36"]
[White "Demeter, Peter"]
[Black "Jurcisin, Imrich"]
[Result "1-0"]
[WhiteElo "2168"]
[BlackElo "2046"]
[PlyCount "33"]
[EventDate "2013.07.06"]
[EventRounds "9"]
[EventCountry "SVK"]

1. c4 Nf6 2. Nf3 e6 3. g3 b6 4. Bg2 Bb7 5. O-O Be7 6. Nc3 O-O 7. d3 d6 8. e4
Nbd7 9. h3 Ne8 10. Re1 f5 11. Nd4 Nc5 12. exf5 Bxg2 13. Kxg2 e5 14. Nc6 Qd7 15.
Nxe7+ Qxe7 16. d4 Nd7 17. dxe5 1-0

[Event "V4 OPEN - International Championship of Slovakia 2
[Site "Banska Stiavnica"]
[Date "2013.07.07"]
[Round "2"]
[Board "37"]
[White "Zatko, Gregor"]
[Black "Laho, Maros"]
[Result "1-0"]
[WhiteElo "2158"]
[BlackElo "2029"]
[PlyCount "73"]
[EventDate "2013.07.06"]
[EventRounds "9"]
[EventCountry "SVK"]

1. d4 Nf6 2. Bf4 g6 3. e3 Bg7 4. Nf3 d6 5. h3 O-O 6. Be2 c5 7. c3 b6 8. O-O Bb7
9. Bh2 Nbd7 10. Nbd2 a6 11. a4 Ne4 12. Qb3 Nxd2 13. Nxd2 Qc7 14. Rad1 Qc6 15.
Bf3 d5 16. c4 e6 17. cxd5 exd5 18. Rc1 Rac8 19. Qa2 Qe6 20. dxc5 Nxc5 21. Qa3
Be5 22. Bxe5 Qxe5 23. a5 Qe6 24. b4 Nd7 25. Nb3 Ne5 26. Nd4 Qd6 27. axb6 Qxb6
28. Rfd1 Rc4 29. Rxc4 Nxc4 30. Qb3 Rd8 31. Be2 Ne5 32. Rc1 Nc6 33. Nxc6 Bxc6
34. Rc5 Rb8 35. Qc3 Ba4 36. Rxd5 Qxb4 37. Rd8+ 1-0

[Event "V4 OPEN - International Championship of Slovakia 2
[Site "Banska Stiavnica"]
[Date "2013.07.07"]
[Round "2"]
[Board "38"]
[White "Fiala, Jan"]
[Black "Dowgird, Filip"]
[Result "0-1"]
[WhiteElo "2055"]
[BlackElo "2154"]
[PlyCount "60"]
[EventDate "2013.07.06"]
[EventRounds "9"]
[EventCountry "SVK"]

1. e4 e6 2. Qe2 Be7 3. d3 c5 4. Nf3 Nc6 5. g3 d5 6. Bg2 Nf6 7. O-O b6 8. Nbd2
Bb7 9. e5 Nd7 10. c4 d4 11. Re1 g5 12. h3 Qc7 13. a3 a5 14. Nf1 h6 15. N1h2
O-O-O 16. h4 gxh4 17. gxh4 Rdg8 18. Bf4 Ncxe5 19. Kh1 Bd6 20. Bd2 Nxd3 21. Rg1
Bxh2 22. Nxh2 Rxg2 23. Rxg2 Bxg2+ 24. Kxg2 Rg8+ 25. Kh1 Qc6+ 26. f3 Nxb2 27.
Bxh6 e5 28. Bd2 d3 29. Qe3 Qg6 30. Rg1 Qxg1+ 0-1

[Event "V4 OPEN - International Championship of Slovakia 2
[Site "Banska Stiavnica"]
[Date "2013.07.07"]
[Round "2"]
[Board "40"]
[White "Hladik, Lumir"]
[Black "Lukac, Roman"]
[Result "0-1"]
[WhiteElo "2045"]
[BlackElo "2126"]
[PlyCount "78"]
[EventDate "2013.07.06"]
[EventRounds "9"]
[EventCountry "SVK"]

1. e4 e5 2. Nf3 Nc6 3. Bb5 d6 4. d4 Bd7 5. O-O Nge7 6. Nc3 Ng6 7. Re1 Be7 8.
Nd5 h6 9. Nxe7 Qxe7 10. d5 Nb8 11. Bxd7+ Nxd7 12. c4 O-O 13. Qc2 Nf6 14. Be3
Qd7 15. h3 Nh5 16. c5 Nhf4 17. c6 bxc6 18. dxc6 Qc8 19. Qc4 Kh8 20. Kh2 f5 21.
Ng1 fxe4 22. Qxe4 Rf6 23. Bxf4 Nxf4 24. g3 Ne6 25. Nf3 Nc5 26. Qe3 Qf5 27. Kg2
Raf8 28. Nh4 Qxf2+ 29. Qxf2 Rxf2+ 30. Kg1 Kh7 31. Rf1 Rxf1+ 32. Rxf1 Rxf1+ 33.
Kxf1 g6 34. Ng2 Ne4 35. Ne3 Nxg3+ 36. Ke1 Nf5 37. Nxf5 gxf5 38. b4 Kg7 39. b5
Kf7 0-1

[Event "V4 OPEN - International Championship of Slovakia 2
[Site "Banska Stiavnica"]
[Date "2013.07.07"]
[Round "2"]
[Board "41"]
[White "Chlpik, Martin"]
[Black "Holeczy, Martin"]
[Result "1/2-1/2"]
[WhiteElo "2125"]
[BlackElo "2015"]
[PlyCount "196"]
[EventDate "2013.07.06"]
[EventRounds "9"]
[EventCountry "SVK"]

1. e4 c5 2. Nf3 d6 3. d4 cxd4 4. Nxd4 Nf6 5. Nc3 g6 6. Be3 Bg7 7. f3 O-O 8. Qd2
Nc6 9. Bc4 Bd7 10. O-O-O Rb8 11. h4 Na5 12. Be2 h5 13. Bh6 b5 14. Bxg7 Kxg7 15.
Ndxb5 a6 16. Nd4 Qb6 17. Nb3 Rfc8 18. Qd4 Nxb3+ 19. axb3 Qb7 20. g4 Kh7 21. g5
Ne8 22. Bc4 e6 23. f4 Bb5 24. Nxb5 axb5 25. Bd3 Rc7 26. b4 Rbc8 27. Kd2 Rc4 28.
Bxc4 Rxc4 29. Qf2 Qxe4 30. c3 d5 31. b3 Rc7 32. Rde1 Nd6 33. Rhf1 d4 34. Qxd4
Qc6 35. Qc5 Qg2+ 36. Rf2 Qb7 37. Qe5 Rd7 38. Kc2 Qa7 39. Rd2 Qa2+ 40. Kc1 Qa1+
41. Kc2 Qa2+ 42. Kd1 Qxb3+ 43. Kc1 Nc4 44. Rxd7 Nxe5 45. Rxe5 Qxc3+ 46. Kd1
Qf3+ 47. Ke1 Qxf4 48. Rxb5 Qxh4+ 49. Kd2 Qf4+ 50. Ke1 Qe3+ 51. Kd1 Qb3+ 52. Kd2
Qa2+ 53. Ke3 Qb3+ 54. Rd3 Qc4 55. Rb7 Qc1+ 56. Kd4 Qf4+ 57. Kc5 Qxg5+ 58. Kd6
Qd8+ 59. Rd7 Qf8+ 60. Ke5 Kg7 61. Rb7 Qc8 62. Rdd7 Qc3+ 63. Kd6 Qd4+ 64. Ke7
Qf6+ 65. Ke8 Kh6 66. Rxf7 Qc3 67. Rfc7 Qd3 68. b5 h4 69. b6 Qb5+ 70. Kf8 Qf5+
71. Kg8 h3 72. Rh7+ Kg5 73. Rbf7 Qb5 74. b7 e5 75. Rf8 Qd5+ 76. Kh8 h2 77. b8=Q
h1=Q 78. Rxh1 Qxh1+ 79. Kg8 Qd5+ 80. Kg7 Qd7+ 81. Rf7 Qd4 82. Qb5 Qc3 83. Qf1
e4+ 84. Kh7 Qe5 85. Qg2+ Kh4 86. Qf2+ Kg5 87. Qe3+ Kg4 88. Qh6 Qh5 89. Rf4+ Kg3
90. Qxh5 gxh5 91. Rxe4 h4 92. Kg6 h3 93. Re3+ Kg2 94. Kg5 h2 95. Re2+ Kg1 96.
Re1+ Kg2 97. Kg4 h1=Q 98. Rxh1 Kxh1 1/2-1/2

[Event "V4 OPEN - International Championship of Slovakia 2
[Site "Banska Stiavnica"]
[Date "2013.07.07"]
[Round "2"]
[Board "42"]
[White "Bakalar, Jan"]
[Black "Sosovicka, Matej"]
[Result "1-0"]
[WhiteElo "2042"]
[BlackElo "2102"]
[PlyCount "95"]
[EventDate "2013.07.06"]
[EventRounds "9"]
[EventCountry "SVK"]

1. e4 e6 2. g3 d5 3. exd5 exd5 4. Bg2 Nf6 5. d4 Bg4 6. f3 Bf5 7. Ne2 Nc6 8. c3
Qd7 9. O-O O-O-O 10. b4 Kb8 11. a4 Bd6 12. Na3 h5 13. Nb5 h4 14. Nxd6 cxd6 15.
g4 h3 16. Bh1 Be6 17. Bf4 Ne7 18. Ng3 Ng6 19. Bg5 Rc8 20. Qd3 Nh7 21. Bd2 Rcf8
22. f4 Bxg4 23. Bxd5 Nf6 24. Bh1 d5 25. b5 Nh4 26. f5 Nh5 27. Nxh5 Rxh5 28.
Qg3+ Ka8 29. Qxg4 g6 30. Rf2 Rhh8 31. Qxh3 gxf5 32. Qd3 Rfg8+ 33. Kf1 Qe6 34.
Bf4 Rg4 35. Qe3 Qd7 36. Bg3 Re8 37. Qd3 Reg8 38. Re1 f4 39. Bxf4 Rg1+ 40. Ke2
Re8+ 41. Be5 Qg4+ 42. Kd2 Qg5+ 43. Bf4 Rexe1 44. Bxg5 Rd1+ 45. Ke2 Rxd3 46.
Kxd3 Rxg5 47. Rxf7 Kb8 48. c4 1-0

[Event "V4 OPEN - International Championship of Slovakia 2
[Site "Banska Stiavnica"]
[Date "2013.07.07"]
[Round "2"]
[Board "43"]
[White "Ondras, Juraj"]
[Black "Mulenko, Alexander"]
[Result "1-0"]
[WhiteElo "2016"]
[BlackElo "2098"]
[PlyCount "81"]
[EventDate "2013.07.06"]
[EventRounds "9"]
[EventCountry "SVK"]

1. Nf3 Nf6 2. g3 b5 3. Bg2 Bb7 4. O-O e6 5. b3 c5 6. Bb2 Be7 7. d3 d5 8. Nbd2
O-O 9. Re1 d4 10. e3 dxe3 11. fxe3 Nbd7 12. c4 b4 13. d4 Qc7 14. Qe2 a5 15. a4
Ne4 16. Nxe4 Bxe4 17. Nd2 Bxg2 18. Qxg2 Rad8 19. Rad1 Nf6 20. Ne4 Nxe4 21. Qxe4
Bf6 22. Rf1 Qe7 23. Rf2 g6 24. Qc6 Bg7 25. Qb6 Qg5 26. Rd3 cxd4 27. exd4 h5 28.
Qb5 Qxb5 29. axb5 Rd7 30. c5 Rb8 31. b6 Rc8 32. Ba1 Bf8 33. Rc2 Rc6 34. Re3 Bg7
35. Ra2 e5 36. Rxa5 exd4 37. Re8+ Kh7 38. Ra7 Rd5 39. b7 d3 40. b8=Q d2 41.
Rh8+ 1-0

[Event "V4 OPEN - International Championship of Slovakia 2
[Site "Banska Stiavnica"]
[Date "2013.07.07"]
[Round "2"]
[Board "44"]
[White "Pasztor, Ladislav"]
[Black "Puskar, Jan"]
[Result "0-1"]
[WhiteElo "1886"]
[BlackElo "2014"]
[PlyCount "96"]
[EventDate "2013.07.06"]
[EventRounds "9"]
[EventCountry "SVK"]

1. e4 e6 2. d4 d5 3. exd5 exd5 4. Bd3 Bd6 5. Qe2+ Ne7 6. Nf3 Bg4 7. h3 Bh5 8.
g4 Bg6 9. Bxg6 hxg6 10. Bg5 Nbc6 11. c3 f6 12. Bh4 Qd7 13. Nbd2 O-O-O 14. O-O-O
Rh7 15. Bg3 Rdh8 16. h4 Bxg3 17. fxg3 Qxg4 18. Rhg1 Rd8 19. Qd3 Qf5 20. Qb5
Rhh8 21. Rdf1 Qd7 22. b4 Rhe8 23. Nb3 a6 24. Qd3 Na7 25. Nc5 Qb5 26. a4 Qxd3
27. Nxd3 Nac6 28. g4 b6 29. Kd2 Kd7 30. Re1 Nc8 31. Nf4 Rxe1 32. Rxe1 N6e7 33.
Kd3 Rf8 34. c4 dxc4+ 35. Kxc4 Rf7 36. d5 Nd6+ 37. Kd4 Nb7 38. Kc4 a5 39. Nd3
axb4 40. Nxb4 Nc5 41. Nd3 Nxd3 42. Kxd3 Nxd5 43. Kc4 Ne7 44. Kb5 Nd5 45. Nd4
Re7 46. Rxe7+ Nxe7 47. a5 bxa5 48. Kxa5 Nc6+ 0-1

[Event "V4 OPEN - International Championship of Slovakia 2
[Site "Banska Stiavnica"]
[Date "2013.07.07"]
[Round "2"]
[Board "45"]
[White "Kavon, Rastislav"]
[Black "Michalek, Matej"]
[Result "1/2-1/2"]
[WhiteElo "1994"]
[BlackElo "1885"]
[PlyCount "43"]
[EventDate "2013.07.06"]
[EventRounds "9"]
[EventCountry "SVK"]

1. e4 d6 2. d4 g6 3. Nc3 Bg7 4. f4 Nf6 5. Nf3 O-O 6. Bd3 Nbd7 7. e5 Ne8 8. Be3
c5 9. Qe2 Nc7 10. dxc5 dxe5 11. fxe5 Ne6 12. O-O Ndxc5 13. Bc4 Bd7 14. Rad1 Qe8
15. Nd5 Rc8 16. Rfe1 b5 17. Bb3 Bc6 18. Ng5 Nxb3 19. axb3 Nxg5 20. Bxg5 Bxd5
21. Rxd5 Qc6 22. Red1 1/2-1/2